| 000 | 00898cam a2200229 4500 | ||
|---|---|---|---|
| 008 | 030506n2003 000 0 eng u | ||
| 020 | _a0566085305 | ||
| 035 | _a(Sirsi) u122192 | ||
| 041 | _aeng | ||
| 050 |
_a658.404 _c18 |
||
| 100 | _aTurner, J. Rodney | ||
| 245 | _aPeople in project management | ||
| 260 |
_aAldershot _bGower _c2003 |
||
| 300 |
_axviii, 179p. _c24cm. |
||
| 350 | _a25 | ||
| 520 | _aThis new text considers human resource management in the project-based organisation as well as issues of competence development, creating effective teams, the role of stakeholders, conflict management and learning for project management. Explores the impact of different cultures and ethical standards of project managers. | ||
| 650 | _aHUMAN RESOURCE MANAGEMENT | ||
| 650 | _aPROJECT TEAMS | ||
| 650 | _aPERSONNEL MANAGEMENT | ||
| 690 |
_aProject management _96261 |
||
| 942 | _n0 | ||
| 999 |
_c102789 _d102789 |
||